BIM China report (Record no. 114228)

MARC details
000 -LEADER
fixed length control field 01404cad a22002535a 4500
001 - CONTROL NUMBER
control field L156385
008 - FIXED-LENGTH DATA ELEMENTS--GENERAL INFORMATION
fixed length control field 120516s2009 xxk f 000 0 eng d
035 ## - SYSTEM CONTROL NUMBER
System control number (Sirsi) u156385
041 0# - LANGUAGE CODE
Language code of text/sound track or separate title chinese
110 0# - MAIN ENTRY--CORPORATE NAME
Corporate name or jurisdiction name as entry element McGraw-Hill Construction
9 (RLIN) 5916
245 00 - TITLE STATEMENT
Title BIM China report
Medium [electronic resource]
260 ## - PUBLICATION, DISTRIBUTION, ETC.
Place of publication, distribution, etc. [S.l.]
Name of publisher, distributor, etc. McGraw-Hill
Date of publication, distribution, etc. 2009
505 ## - FORMATTED CONTENTS NOTE
Formatted contents note Introduction to Building Information Modeling (BIM) -- BIM in China -- Building Information Modeling market summary -- Adoption of BIM -- Usage of BIM -- Value of using BIM -- BIM infrastructure -- Conclusions -- Resources and methodology
520 ## - SUMMARY, ETC.
Summary, etc. A research report on Building Information Modeling (BIM) in China reflecting BIM's rapid development in the country by featuring local case studies from the early adopters and thought leadership interviews with industry leaders. Includes results of a 2008 survey on BIM in the United States as a comparison providing Chinese AEC professionals with an international benchmark on how BIM has transformed the global industry.
590 ## - LOCAL NOTE (RLIN)
Local note KA
650 ## - SUBJECT ADDED ENTRY--TOPICAL TERM
Topical term or geographic name entry element BUILDING INFORMATION MODELLING
650 24 - SUBJECT ADDED ENTRY--TOPICAL TERM
Topical term or geographic name entry element BIM
9 (RLIN) 6219
651 #4 - SUBJECT ADDED ENTRY--GEOGRAPHIC NAME
Geographic name China
651 #4 - SUBJECT ADDED ENTRY--GEOGRAPHIC NAME
Geographic name United States
690 ## - LOCAL SUBJECT ADDED ENTRY--TOPICAL TERM (OCLC, RLIN)
Topical term or geographic name as entry element BIM
9 (RLIN) 6219
710 1# - ADDED ENTRY--CORPORATE NAME
Corporate name or jurisdiction name as entry element Autodesk
856 40 - ELECTRONIC LOCATION AND ACCESS
Uniform Resource Identifier <a href="https://construction.com/market_research/BIMChina/BIMChina.asp#BIM_Form">https://construction.com/market_research/BIMChina/BIMChina.asp#BIM_Form</a>
Public note Register here to download free the report in Chinese ://bim.construction.com
942 ## - ADDED ENTRY ELEMENTS (KOHA)
Suppress in OPAC 0
Holdings
Withdrawn status Lost status Source of classification or shelving scheme Damaged status Not for loan Home library Current library Shelving location Date acquired Total Checkouts Full call number Barcode Date last seen Copy number Price effective from Koha item type
    Dewey Decimal Classification     Virtual Virtual Online 16/05/2012   ONLINE PUBLICATION 156385-2001 06/08/2019 1 06/08/2019 Book